000
00324nam a2200133Ia 4500
005
20251222155041.0
008
251222s9999||||xx |||||||||||||| ||spa||
082
_a
ESC. 55
100
_a
MONTOYA F. (*).
245
0
_a
Aspectos Juridicos Vinculados Campo (3 Lbs.)
250
_a
No ed.
264
_b
No tiene
942
_c
LIB
999
_c
36928
_d
36928